[Event "Orsha IM"]
[Site "Orsha"]
[Date "2021.04.11"]
[Round "9"]
[White "Shkalov, Oleg"]
[Black "Kononenko, Dmitry1"]
[Result "0-1"]
[WhiteElo "2170"]
[BlackElo "2322"]
[PlyCount "126"]
[EventDate "2021.04.06"]
[EventType "tourn"]
[EventRounds "9"]
[EventCountry "BLR"]
[SourceTitle "CBM 202 Extra"]
[Source "ChessBase"]
[SourceDate "2021.07.31"]
[SourceVersion "1"]
[SourceVersionDate "2021.07.31"]
[SourceQuality "1"]

1. d4 d5 2. c4 c6 3. cxd5 cxd5 4. Bf4 Nc6 5. e3 Nf6 6. Nc3 a6 7. Bd3 Bg4 8. Nge2 e6 9. 0-0 Bd6 10. f3 Bh5 11. Na4 0-0 12. Nc5 Bxc5 13. dxc5 e5 14. Bg5 Bg6 15. f4 Bxd3 16. Qxd3 e4 17. Qc3 Qe7 18. Rfd1 Rfd8 19. b4 h6 20. Bxf6 Qxf6 21. Qxf6 gxf6 22. a3 Rd7 23. Rd2 Rad8 24. Rad1 f5 25. Ng3 Ne7 26. Nh5 Rc7 27. g4 fxg4 28. Nf6+ Kg7 29. Nxg4 h5 30. Ne5 Kf6 31. Rg2 Nf5 32. Kf2 Re7 33. c6 bxc6 34. Nxc6 Rc7 35. Nd4 Nxd4 36. Rxd4 Rc2+ 37. Kf1 Rxg2 38. Kxg2 Ke6 39. Rd2 Rc8 40. Rb2 Rc3 41. Kf2 Rxa3 42. b5 axb5 43. Rxb5 Ra2+ 44. Kg3 Re2 45. Rb3 Kf5 46. h3 f6 47. Ra3 Rd2 48. Ra5 h4+ 49. Kxh4 Rd3 50. Kh5 Rxe3 51. Rxd5+ Kxf4 52. h4 Rg3 53. Rd1 f5 54. Rf1+ Ke5 55. Ra1 e3 56. Kh6 f4 57. h5 f3 58. Kh7 f2 59. h6 e2 60. Kh8 f1Q 61. Ra5+ Kd4 62. Ra4+ Kc5 63. h7 Qf8# 0-1

[Event "Orsha IM"]
[Site "Orsha"]
[Date "2021.04.06"]
[Round "2"]
[White "Shkalov, Oleg"]
[Black "Nazarov, Denis"]
[Result "1-0"]
[WhiteElo "2170"]
[BlackElo "2157"]
[PlyCount "69"]
[EventDate "2021.04.06"]
[EventType "tourn"]
[EventRounds "9"]
[EventCountry "BLR"]
[SourceTitle "CBM 202 Extra"]
[Source "ChessBase"]
[SourceDate "2021.07.31"]
[SourceVersion "1"]
[SourceVersionDate "2021.07.31"]
[SourceQuality "1"]

1. c4 c5 2. Nf3 Nf6 3. Nc3 g6 4. d4 cxd4 5. Nxd4 d5 6. Bf4 Nc6 7. Ndb5 e5 8. Bg5 d4 9. Bxf6 Qxf6 10. Nd5 Qf5 11. g4 Qg5 12. h4 Qd8 13. Nbc7+ Kd7 14. Bh3 Qxc7 15. g5+ Kd8 16. Nxc7 Kxc7 17. Qd3 Bb4+ 18. Kf1 Re8 19. Qf3 Re7 20. a3 e4 21. Qg2 Bd6 22. b4 Bf5 23. Bxf5 gxf5 24. Qh3 f4 25. Qf5 d3 26. exd3 e3 27. Re1 Nd4 28. Qa5+ Kc8 29. Qd5 e2+ 30. Rxe2 Nxe2 31. Qxd6 Re8 32. Kg2 Rd8 33. Qc5+ Kd7 34. Qf5+ Kd6 35. c5+ 1-0

[Event "Orsha IM"]
[Site "Orsha"]
[Date "2020.01.21"]
[Round "5"]
[White "Goltseva, Ekaterina"]
[Black "Shkalov, Oleg"]
[Result "1/2-1/2"]
[WhiteElo "2304"]
[BlackElo "2151"]
[PlyCount "98"]
[EventDate "2020.01.18"]
[EventType "tourn"]
[EventRounds "9"]
[EventCountry "BLR"]
[EventCategory "2"]
[SourceTitle "CBM 194 Extra"]
[Source "ChessBase"]
[SourceDate "2020.03.31"]
[SourceVersion "1"]
[SourceVersionDate "2020.03.31"]
[SourceQuality "1"]

1. d4 c5 2. d5 e5 3. e4 d6 4. c4 Be7 5. g3 f5 6. Nc3 Nf6 7. Bg2 0-0 8. exf5 Bxf5 9. Nge2 Nbd7 10. 0-0 Qe8 11. f3 Qg6 12. Be3 a6 13. Nc1 h5 14. Qd2 e4 15. N1e2 Ne5 16. Nf4 Qh7 17. fxe4 Nxc4 18. Qe2 Nxe3 19. exf5 Nxf1 20. Ng6 Rae8 21. Nxe7+ Rxe7 22. Qxe7 Re8 23. Qxd6 Ne3 24. Bh3 h4 25. Re1 hxg3 26. Qxg3 Nxf5 27. Rxe8+ Nxe8 28. Qd3 Qg6+ 29. Kf2 Ned6 30. Ne2 Qf6 31. Ke1 Qe5 32. b3 b5 33. Qf3 g6 34. Bxf5 Nxf5 35. Qg4 Kg7 36. h4 Qxd5 37. Qxg6+ Kxg6 38. Nf4+ Kf6 39. Nxd5+ Ke5 40. Nc7 Kd6 41. Nxa6 Nxh4 42. b4 c4 43. Kd2 Nf5 44. Nc5 Ne7 45. a4 bxa4 46. Nxa4 Nd5 47. Nb2 c3+ 48. Kc2 cxb2 49. Kxb2 Nxb4 1/2-1/2

[Event "St Petersburg Korchnoi Memorial op"]
[Site "St Petersburg"]
[Date "2019.08.19"]
[Round "6"]
[White "Shkalov, Oleg"]
[Black "Shaidullin, Ratmir"]
[Result "1-0"]
[WhiteElo "2176"]
[BlackElo "1867"]
[PlyCount "65"]
[EventDate "2019.08.14"]
[EventType "swiss"]
[EventRounds "9"]
[EventCountry "RUS"]
[SourceTitle "CBM 192"]
[Source "ChessBase"]
[SourceDate "2019.10.31"]
[SourceVersion "1"]
[SourceVersionDate "2019.10.31"]
[SourceQuality "1"]

1. Nf3 d5 2. d3 Nf6 3. g3 Bf5 4. Bg2 e6 5. 0-0 Be7 6. Nc3 c6 7. Nd2 0-0 8. e4 Bg6 9. e5 Nfd7 10. f4 f5 11. h3 Qb6+ 12. Kh2 c5 13. a4 Nc6 14. a5 Qd8 15. a6 Nb6 16. axb7 Rb8 17. Nb5 Rxb7 18. Nc4 Nc8 19. Nbd6 Nxd6 20. exd6 Bxd6 21. Re1 Bf7 22. Ra6 Qd7 23. b3 Rc8 24. Nxd6 Qxd6 25. Ba3 Rb6 26. Ra4 Nd4 27. Rxd4 Qc7 28. Ra4 Be8 29. Ra5 Rc6 30. Qd2 Kf7 31. Bb2 Qb6 32. Be5 Rd8 33. Rea1 1-0

[Event "Orsha op"]
[Site "Orsha"]
[Date "2019.01.22"]
[Round "7"]
[White "Shkalov, Oleg"]
[Black "Stashis, Anna"]
[Result "1-0"]
[WhiteElo "2225"]
[BlackElo "1931"]
[PlyCount "77"]
[EventDate "2019.01.18"]
[EventType "swiss"]
[EventRounds "9"]
[EventCountry "BLR"]
[SourceTitle "CBM 188 Extra"]
[Source "ChessBase"]
[SourceDate "2019.02.28"]
[SourceVersion "1"]
[SourceVersionDate "2019.02.28"]
[SourceQuality "1"]

1. Nf3 d5 2. d4 c6 3. Bf4 Bf5 4. e3 Qb6 5. Qc1 e6 6. Nh4 Bg4 7. h3 Bh5 8. g4 Bg6 9. Nxg6 hxg6 10. Bg2 Qa6 11. Nd2 Nd7 12. c4 Bb4 13. 0-0 Ngf6 14. c5 Bxd2 15. Qxd2 Ne4 16. Qc2 g5 17. Bc7 Rc8 18. Bh2 Nf8 19. f3 Nf6 20. f4 gxf4 21. Bxf4 Ng6 22. Bg3 Ne4 23. Bxe4 dxe4 24. Kg2 Qb5 25. Rf2 0-0 26. Qxe4 b6 27. Bd6 Rfd8 28. b3 bxc5 29. dxc5 Rd7 30. Raf1 Rcd8 31. Kg3 a5 32. h4 Nf8 33. g5 Rb7 34. Bxf8 Rxf8 35. g6 Qxc5 36. Rxf7 Rbxf7 37. gxf7+ Kh8 38. Qxe6 Qc3 39. Qe7 1-0

[Event "Sochi ChessAmateur op10"]
[Site "Sochi"]
[Date "2018.10.17"]
[Round "8"]
[White "Rustamov, Asilbek"]
[Black "Shkalov, Oleg"]
[Result "0-1"]
[WhiteElo "1906"]
[BlackElo "2203"]
[PlyCount "80"]
[EventDate "2018.10.12"]
[EventType "swiss"]
[EventRounds "9"]
[EventCountry "RUS"]
[SourceTitle "CBM 187 Extra"]
[Source "ChessBase"]
[SourceDate "2018.11.04"]
[SourceVersion "1"]
[SourceVersionDate "2018.11.04"]
[SourceQuality "1"]

1. d4 Nf6 2. Nf3 e6 3. Bf4 Be7 4. e3 Nh5 5. Bg3 b6 6. Nbd2 Bb7 7. Be2 0-0 8. c3 d6 9. Qc2 Nd7 10. Bd3 h6 11. Be4 c6 12. 0-0 Kh8 13. a4 a5 14. Rad1 Rc8 15. Qb1 Rb8 16. Bd3 Ba8 17. Be2 g6 18. Ne1 Nxg3 19. hxg3 b5 20. axb5 cxb5 21. Bf3 Nb6 22. Nd3 Qc7 23. Rc1 Nc4 24. Rfd1 Rfc8 25. b3 Nxd2 26. Rxd2 Bxf3 27. gxf3 Rb6 28. Nf4 Rc6 29. Ne2 d5 30. Qd3 b4 31. Rdc2 a4 32. c4 axb3 33. Qxb3 dxc4 34. Qb1 b3 35. Rc3 Bb4 36. Kg2 Kg7 37. Rh1 Bxc3 38. Nxc3 Rb6 39. Qe4 Qd8 40. d5 Qf6 0-1

[Event "Sochi ChessAmateur op10"]
[Site "Sochi"]
[Date "2018.10.16"]
[Round "7"]
[White "Shkalov, Oleg"]
[Black "Radlovacki, Jovan"]
[Result "0-1"]
[WhiteElo "2203"]
[BlackElo "2319"]
[PlyCount "85"]
[EventDate "2018.10.12"]
[EventType "swiss"]
[EventRounds "9"]
[EventCountry "RUS"]
[SourceTitle "CBM 187 Extra"]
[Source "ChessBase"]
[SourceDate "2018.11.04"]
[SourceVersion "1"]
[SourceVersionDate "2018.11.04"]
[SourceQuality "1"]

1. d4 Nf6 2. c4 d6 3. Nc3 Bf5 4. f3 e5 5. e4 exd4 6. Nb5 Bd7 7. Nxd4 g6 8. Be3 Bg7 9. Nge2 0-0 10. Nf4 c6 11. Be2 Re8 12. Qd2 Qe7 13. Kf2 Na6 14. Nb3 c5 15. h4 Nb4 16. h5 a5 17. hxg6 fxg6 18. a3 Nc6 19. Rad1 Ne5 20. Nd5 Nxd5 21. Qxd5+ Nf7 22. Qd2 Ba4 23. Qc2 Ra6 24. Rd3 Ne5 25. Rc3 Rb6 26. f4 Ng4+ 27. Bxg4 Bxc3 28. bxc3 Rxb3 29. e5 dxe5 30. f5 Qf7 31. Kg3 Qxc4 32. f6 Rxc3 33. f7+ Kxf7 34. Rxh7+ Kf6 35. Qd2 Rd3 36. Kh4 Qxg4+ 37. Kxg4 Rxd2 38. Bxd2 Bd1+ 39. Kg3 b6 40. Rb7 Re6 41. Kh4 Kf5 42. g4+ Ke4 43. Rd7 0-1

[Event "Sochi ChessAmateur op10"]
[Site "Sochi"]
[Date "2018.10.15"]
[Round "6"]
[White "Kondenko, Alexey"]
[Black "Shkalov, Oleg"]
[Result "0-1"]
[WhiteElo "2043"]
[BlackElo "2203"]
[PlyCount "82"]
[EventDate "2018.10.12"]
[EventType "swiss"]
[EventRounds "9"]
[EventCountry "RUS"]
[SourceTitle "CBM 187 Extra"]
[Source "ChessBase"]
[SourceDate "2018.11.04"]
[SourceVersion "1"]
[SourceVersionDate "2018.11.04"]
[SourceQuality "1"]

1. e4 c5 2. Nf3 Nc6 3. Bb5 g6 4. 0-0 Bg7 5. Re1 e5 6. d3 Nge7 7. a4 0-0 8. Nc3 d6 9. h3 h6 10. Bc4 Kh7 11. Ne2 f5 12. Ng3 f4 13. Nf1 g5 14. N3h2 Ng8 15. c3 Nf6 16. Ng4 f3 17. Nxf6+ Qxf6 18. Qxf3 Qxf3 19. gxf3 Bxh3 20. Nh2 Ne7 21. b4 cxb4 22. cxb4 Nc6 23. Rb1 Rac8 24. Be3 Nd4 25. Bd5 b6 26. Bc4 Kg6 27. Rb2 h5 28. Ra2 Bf6 29. b5 Bd8 30. Kh1 Nxf3 31. Nxf3 Rxf3 32. a5 h4 33. axb6 Bxb6 34. Rxa7 Rxe3 35. Rxe3 Bxa7 36. Rxh3 Bxf2 37. Kg2 g4 38. Rh1 Rf8 39. Rb1 h3+ 40. Kh2 Bb6 41. Rb2 Kg5 0-1

[Event "Sochi ChessAmateur op10"]
[Site "Sochi"]
[Date "2018.10.12"]
[Round "1"]
[White "Shkalov, Oleg"]
[Black "Mikayelyan, Mikael"]
[Result "1-0"]
[WhiteElo "2203"]
[BlackElo "1499"]
[PlyCount "70"]
[EventDate "2018.10.12"]
[EventType "swiss"]
[EventRounds "9"]
[EventCountry "RUS"]
[SourceTitle "CBM 187 Extra"]
[Source "ChessBase"]
[SourceDate "2018.11.04"]
[SourceVersion "1"]
[SourceVersionDate "2018.11.04"]
[SourceQuality "1"]

1. d4 d5 2. c4 c6 3. Nc3 Nf6 4. cxd5 cxd5 5. Bf4 Nc6 6. e3 a6 7. Bd3 e6 8. Rc1 Bd6 9. Bxd6 Qxd6 10. f4 Bd7 11. Nf3 b5 12. 0-0 0-0 13. Ne5 Na5 14. Qe1 b4 15. Ne2 Bb5 16. Bxb5 axb5 17. Ng3 Ne4 18. b3 Nc3 19. Rf2 Nb7 20. Rcc2 Rfc8 21. f5 f6 22. Nd3 e5 23. dxe5 fxe5 24. f6 g6 25. f7+ Kg7 26. Rf5 e4 27. Nxb4 Kf8 28. Rxc3 gxf5 29. Nxf5 Qe5 30. Nd4 Nd6 31. Ndc6 Qg5 32. Rc5 Nxf7 33. Rxd5 Qf6 34. Nd4 Ne5 35. h3 Ra7 1-0

[Event "St Petersburg Korchnoi Memorial op"]
[Site "St Petersburg"]
[Date "2018.08.22"]
[Round "8"]
[White "Yaroslavtsev, Artem"]
[Black "Shkalov, Oleg"]
[Result "1-0"]
[WhiteElo "2102"]
[BlackElo "2266"]
[PlyCount "129"]
[EventDate "2018.08.15"]
[EventType "swiss"]
[EventRounds "9"]
[EventCountry "RUS"]
[SourceTitle "CBM 186 Extra"]
[Source "ChessBase"]
[SourceDate "2018.08.24"]
[SourceVersion "1"]
[SourceVersionDate "2018.08.24"]
[SourceQuality "1"]

1. e4 c6 2. Nc3 d5 3. Nf3 Bg4 4. h3 Bxf3 5. Qxf3 e6 6. d4 dxe4 7. Qe3 Bb4 8. Qxe4 Nf6 9. Qd3 Nbd7 10. Be2 Nd5 11. 0-0 Nxc3 12. bxc3 Bd6 13. Rb1 Qc7 14. c4 0-0 15. Qb3 Rab8 16. c5 Be7 17. Qf3 e5 18. c3 Bf6 19. Bd3 g6 20. Rd1 Kg7 21. Bc4 b5 22. cxb6 Rxb6 23. Ba3 Rd8 24. Rbc1 Rc8 25. g4 h6 26. h4 e4 27. Qxe4 Bxh4 28. Re1 Nf6 29. Qh1 Bxf2+ 30. Kxf2 Nxg4+ 31. Kg1 c5 32. Qg2 Qf4 33. Re4 Qb8 34. Qxg4 cxd4 35. cxd4 Rb1 36. Ree1 Rb7 37. Bc5 Rb2 38. Re2 Re8 39. Rce1 Rbxe2 40. Rxe2 h5 41. Qf3 Rxe2 42. Qxf7+ Kh8 43. Qf6+ Kh7 44. Bxe2 Qg3+ 45. Kf1 Qh3+ 46. Ke1 h4 47. Qf3 Qe6 48. Qg4 Qf6 49. Qd7+ Kh6 50. Qe7 Qc6 51. Qxh4+ Kg7 52. Qe7+ Kh6 53. Qf8+ Kh7 54. Qf7+ Kh8 55. Be7 Qc3+ 56. Kf1 Qh3+ 57. Kf2 Qh2+ 58. Ke3 Qg1+ 59. Ke4 Qh1+ 60. Qf3 Qb1+ 61. Ke3 Qxa2 62. Qh3+ Kg7 63. Bd3 Qa1 64. Qf1 Qa2 65. Qf6+ 1-0

[Event "St Petersburg Korchnoi Memorial op"]
[Site "St Petersburg"]
[Date "2018.08.21"]
[Round "7"]
[White "Shkalov, Oleg"]
[Black "Zhukov, Maksim"]
[Result "0-1"]
[WhiteElo "2266"]
[BlackElo "2056"]
[PlyCount "130"]
[EventDate "2018.08.15"]
[EventType "swiss"]
[EventRounds "9"]
[EventCountry "RUS"]
[SourceTitle "CBM 186 Extra"]
[Source "ChessBase"]
[SourceDate "2018.08.24"]
[SourceVersion "1"]
[SourceVersionDate "2018.08.24"]
[SourceQuality "1"]

1. c4 c5 2. Nf3 Nc6 3. d4 cxd4 4. Nxd4 Nf6 5. Nc3 g6 6. e4 Bg7 7. Be3 Ng4 8. Qxg4 Nxd4 9. Qd1 Ne6 10. Rc1 d6 11. Be2 Bd7 12. Qd2 h5 13. 0-0 Bc6 14. Nd5 Nc5 15. Bf3 0-0 16. b4 Nd7 17. Bg5 Bxd5 18. exd5 Bf6 19. c5 Rc8 20. Be3 Bg7 21. c6 bxc6 22. dxc6 Nb6 23. a4 Nxa4 24. Bxa7 Qc7 25. Be3 Rb8 26. Rc2 e6 27. Bf4 e5 28. Bg5 f6 29. Be3 f5 30. Qd5+ Kh7 31. Qa5 Nb6 32. Bxb6 Rxb6 33. Bd5 e4 34. Rc4 Rc8 35. Re1 Qb8 36. f3 exf3 37. Re7 Rc7 38. Rxc7 Qxc7 39. gxf3 Bf6 40. Be6 Bd8 41. Bd7 Rb8 42. Qxc7 Bxc7 43. Rc2 Rxb4 44. Kg2 Kg7 45. Ra2 Rb8 46. Ra7 Bb6 47. Ra6 Bc7 48. Ra7 Bb6 49. Ra4 Kf6 50. Rb4 Bc7 51. Rb7 Rxb7 52. cxb7 g5 53. Bc6 Ke5 54. h4 gxh4 55. Kh3 d5 56. Kxh4 d4 57. Kxh5 d3 58. Kg6 f4 59. Ba4 Kd4 60. Kf5 Ke3 61. Bd1 Kf2 62. Ba4 Ke1 63. Ke6 d2 64. Kd7 Be5 65. Ke6 Bb8 0-1

[Event "St Petersburg Korchnoi Memorial op"]
[Site "St Petersburg"]
[Date "2018.08.19"]
[Round "5"]
[White "Shkalov, Oleg"]
[Black "Dashdorzh, Dashanima"]
[Result "1-0"]
[WhiteElo "2266"]
[BlackElo "1726"]
[PlyCount "67"]
[EventDate "2018.08.15"]
[EventType "swiss"]
[EventRounds "9"]
[EventCountry "RUS"]
[SourceTitle "CBM 186 Extra"]
[Source "ChessBase"]
[SourceDate "2018.08.24"]
[SourceVersion "1"]
[SourceVersionDate "2018.08.24"]
[SourceQuality "1"]

1. d4 Nf6 2. c4 c5 3. d5 e6 4. Nc3 exd5 5. cxd5 d6 6. e4 g6 7. f4 Bg7 8. Bb5+ Nfd7 9. a4 0-0 10. Nf3 Na6 11. 0-0 Nb4 12. Be3 a6 13. Be2 Re8 14. Bf2 Nf6 15. Bh4 Bg4 16. h3 Bxf3 17. Bxf3 Qd7 18. Re1 Nh5 19. Bg4 Qc7 20. Bxh5 gxh5 21. Rb1 f5 22. Qxh5 Nd3 23. Rf1 fxe4 24. f5 Bd4+ 25. Kh1 Qf7 26. Qg4+ Qg7 27. f6 Bxf6 28. Rxf6 Qxg4 29. hxg4 e3 30. Re6 Rxe6 31. dxe6 Re8 32. e7 Nf2+ 33. Kg1 Nxg4 34. Rd1 1-0

[Event "Yaroslav the Wise op"]
[Site "Yaroslavl"]
[Date "2018.07.25"]
[Round "6"]
[White "Shkalov, Oleg"]
[Black "Zabotin, Alexander"]
[Result "1/2-1/2"]
[WhiteElo "2286"]
[BlackElo "2465"]
[PlyCount "68"]
[EventDate "2018.07.20"]
[EventType "swiss"]
[EventRounds "9"]
[EventCountry "RUS"]
[SourceTitle "CBM 186 Extra"]
[Source "ChessBase"]
[SourceDate "2018.08.24"]
[SourceVersion "1"]
[SourceVersionDate "2018.08.24"]
[SourceQuality "1"]

1. d4 Nf6 2. c4 c5 3. d5 b5 4. cxb5 a6 5. bxa6 g6 6. Nc3 Bxa6 7. Nf3 Bg7 8. g3 d6 9. Bg2 0-0 10. Rb1 Nbd7 11. 0-0 Qa5 12. Bd2 Rfb8 13. b3 Ne8 14. Qc2 Nc7 15. a4 Qb6 16. Rfe1 Bxc3 17. Bxc3 Nxd5 18. Ne5 Nxe5 19. Bxd5 Nc6 20. Qe4 Bb7 21. Red1 Qc7 22. Qf3 Nd8 23. h4 Bxd5 24. Qxd5 Qc8 25. e4 Ra6 26. e5 e6 27. Qf3 d5 28. Qf6 Nc6 29. Rxd5 Nd4 30. Bxd4 exd5 31. e6 cxd4 32. Qxf7+ Kh8 33. Qf6+ Kg8 34. Qf7+ Kh8 1/2-1/2

[Event "Yaroslav the Wise op"]
[Site "Yaroslavl"]
[Date "2018.07.24"]
[Round "5"]
[White "Chetverik, Maxim"]
[Black "Shkalov, Oleg"]
[Result "1/2-1/2"]
[WhiteElo "2237"]
[BlackElo "2286"]
[PlyCount "25"]
[EventDate "2018.07.20"]
[EventType "swiss"]
[EventRounds "9"]
[EventCountry "RUS"]
[SourceTitle "CBM 186 Extra"]
[Source "ChessBase"]
[SourceDate "2018.08.24"]
[SourceVersion "1"]
[SourceVersionDate "2018.08.24"]
[SourceQuality "1"]

1. d4 Nf6 2. Nf3 b6 3. Bg5 e6 4. e3 Bb7 5. Bd3 d6 6. Nbd2 Nbd7 7. h3 Be7 8. Qe2 c5 9. c3 cxd4 10. cxd4 Rc8 11. 0-0 h6 12. Bxf6 Nxf6 13. Ba6 1/2-1/2

[Event "Yaroslav the Wise op"]
[Site "Yaroslavl"]
[Date "2018.07.23"]
[Round "4"]
[White "Shkalov, Oleg"]
[Black "Sadovsky, Artem"]
[Result "1-0"]
[WhiteElo "2286"]
[BlackElo "2402"]
[PlyCount "85"]
[EventDate "2018.07.20"]
[EventType "swiss"]
[EventRounds "9"]
[EventCountry "RUS"]
[SourceTitle "CBM 186 Extra"]
[Source "ChessBase"]
[SourceDate "2018.08.24"]
[SourceVersion "1"]
[SourceVersionDate "2018.08.24"]
[SourceQuality "1"]

1. d4 g6 2. e4 Bg7 3. Nf3 d6 4. Bc4 Nf6 5. Qe2 0-0 6. 0-0 Bg4 7. Nbd2 Nc6 8. c3 e5 9. h3 Bxf3 10. Nxf3 exd4 11. cxd4 d5 12. exd5 Nxd5 13. Bg5 Nxd4 14. Nxd4 Qxg5 15. Ne6 fxe6 16. Qxe6+ Kh8 17. Qxd5 Qh4 18. Rae1 c6 19. Qd3 Rad8 20. Qc2 Bd4 21. Re4 Qf6 22. Re6 Qg5 23. b4 Rf4 24. Re4 Rdf8 25. Rxf4 Qxf4 26. Qe2 b5 27. Bd3 Kg7 28. Bc2 Bb6 29. a3 Bd4 30. Bb1 h5 31. Qc2 Rf6 32. Qe2 h4 33. Qc2 Be5 34. Rd1 Qh2+ 35. Kf1 Bg3 36. Rd7+ Kh6 37. Qd2+ Bf4 38. Qd4 Re6 39. Qh8+ Kg5 40. Qd8+ Rf6 41. Rf7 Be5 42. Rxf6 Bxf6 43. Qd3 1-0

[Event "Yaroslav the Wise op"]
[Site "Yaroslavl"]
[Date "2018.07.20"]
[Round "1"]
[White "Saakyan, Emil A"]
[Black "Shkalov, Oleg"]
[Result "0-1"]
[WhiteElo "1801"]
[BlackElo "2286"]
[PlyCount "55"]
[EventDate "2018.07.20"]
[EventType "swiss"]
[EventRounds "9"]
[EventCountry "RUS"]
[SourceTitle "CBM 186 Extra"]
[Source "ChessBase"]
[SourceDate "2018.08.24"]
[SourceVersion "1"]
[SourceVersionDate "2018.08.24"]
[SourceQuality "1"]

1. e4 c6 2. d4 g6 3. Nf3 Bg7 4. c3 d5 5. exd5 cxd5 6. Bd3 Nc6 7. 0-0 Nh6 8. Bf4 Nf5 9. Re1 0-0 10. Nbd2 h6 11. Ne5 g5 12. Nxc6 bxc6 13. Qc2 Nxd4 14. cxd4 gxf4 15. Qxc6 Rb8 16. Nb3 a5 17. Qc5 e6 18. Nxa5 Rxb2 19. Nb3 Qh4 20. Bc2 f3 21. Qc3 Qg4 22. g3 Rxc2 23. Qd3 Rc4 24. Rad1 Ba6 25. h3 Qh5 26. Nd2 Ra4 27. Qb3 Rxd4 28. Nxf3 0-1

[Event "Tula Region-ch"]
[Site "Tula"]
[Date "2014.03.16"]
[Round "6"]
[White "Sedykh, Egor"]
[Black "Shkalov, Oleg"]
[Result "0-1"]
[WhiteElo "1917"]
[BlackElo "2246"]
[PlyCount "116"]
[EventDate "2014.03.11"]
[EventType "swiss"]
[EventRounds "9"]
[EventCountry "RUS"]
[SourceTitle "CBM 159 Extra"]
[Source "ChessBase"]
[SourceDate "2014.04.24"]
[SourceVersion "1"]
[SourceVersionDate "2014.04.24"]
[SourceQuality "1"]

1. c4 b6 2. d4 Nf6 3. Nf3 e6 4. g3 Ba6 5. b3 Bb4+ 6. Bd2 Be7 7. Bg2 Bb7 8. 0-0 c5 9. Bc3 cxd4 10. Nxd4 Bxg2 11. Kxg2 d6 12. Nd2 a6 13. Qc2 Qc7 14. a4 Nbd7 15. N2f3 0-0 16. a5 Rfc8 17. axb6 Qxb6 18. Ba5 Qb7 19. Qa2 g6 20. Nc2 Ne5 21. Ne3 Ne4 22. Qc2 Bf6 23. Rad1 Ng5 24. h4 Nexf3 25. exf3 Qxf3+ 26. Kg1 Ne4 27. Ng2 Rab8 28. Qd3 Qxd3 29. Rxd3 Rc5 30. Be1 Be5 31. f4 Bg7 32. Kh2 f5 33. Ne3 a5 34. Rg1 Bb2 35. Rg2 Ba3 36. Nc2 Bb2 37. Ne3 Ba3 38. Nc2 Bb4 39. Nxb4 axb4 40. Ra2 Rc7 41. Re3 Kf7 42. Kg2 Rb6 43. Ra8 Ke7 44. Re2 Kd7 45. Rea2 d5 46. cxd5 exd5 47. Kf3 d4 48. Ke2 Nc3+ 49. Bxc3 dxc3 50. Rc2 Re6+ 51. Kd3 Rd6+ 52. Ke2 Ke7 53. Raa2 Kf7 54. Ke3 Rd1 55. Ra4 Rb7 56. Ke2 Rb1 57. Kd3 Rxb3 58. Kc4 Rb1 0-1

[Event "Kostroma Summer"]
[Site "Kostroma"]
[Date "2013.07.08"]
[Round "5"]
[White "Shkalov, Oleg"]
[Black "Mikhailov, Viacheslav"]
[Result "0-1"]
[WhiteElo "2226"]
[BlackElo "2295"]
[PlyCount "104"]
[EventDate "2013.07.04"]
[EventType "tourn"]
[EventRounds "9"]
[EventCountry "RUS"]
[EventCategory "1"]
[SourceTitle "EXT 2014"]
[Source "ChessBase"]
[SourceDate "2013.11.20"]
[SourceVersion "1"]
[SourceVersionDate "2013.11.20"]
[SourceQuality "1"]

1. d4 Nf6 2. Nf3 e6 3. Bg5 d5 4. c4 c6 5. cxd5 exd5 6. Qc2 Qa5+ 7. Bd2 Qb6 8. Nc3 Be7 9. h3 0-0 10. 0-0-0 Qd8 11. g4 Bb4 12. e3 Re8 13. Bd3 Nbd7 14. Kb1 Nf8 15. Rdg1 Bxc3 16. Bxc3 Ne4 17. Be1 Qf6 18. Nh2 Ng6 19. f3 Nd6 20. Bf2 b5 21. h4 Nc4 22. h5 Nf8 23. g5 Qd6 24. e4 dxe4 25. fxe4 Be6 26. Nf3 Qb4 27. Ka1 Qa5 28. Be1 Qa6 29. b3 Na5 30. Kb2 Rab8 31. Ne5 Nc4+ 32. Bxc4 bxc4 33. Rg3 Qa4 34. b4 c3+ 35. Bxc3 Rxb4+ 36. Bxb4 Qxb4+ 37. Kc1 Qxd4 38. Nxc6 Qb6 39. h6 Bd7 40. g6 Nxg6 41. Rc3 Re6 42. Nxa7 Qxa7 43. hxg7 Qb8 44. Rd1 Rd6 45. Rd5 Be6 46. Rdc5 Rd8 47. Rf3 Qb4 48. Re3 Qd4 49. Rcc3 Nf4 50. a3 h5 51. Kb2 h4 52. Qf2 Nd3+ 0-1

[Event "Kostroma Summer"]
[Site "Kostroma"]
[Date "2013.07.04"]
[Round "1"]
[White "Rakhmangulov, Andrei"]
[Black "Shkalov, Oleg"]
[Result "1-0"]
[WhiteElo "2400"]
[BlackElo "2226"]
[PlyCount "97"]
[EventDate "2013.07.04"]
[EventType "tourn"]
[EventRounds "9"]
[EventCountry "RUS"]
[EventCategory "1"]
[SourceTitle "EXT 2014"]
[Source "ChessBase"]
[SourceDate "2013.11.20"]
[SourceVersion "1"]
[SourceVersionDate "2013.11.20"]
[SourceQuality "1"]

1. d4 Nf6 2. Nf3 e6 3. Bg5 c5 4. e3 cxd4 5. exd4 b6 6. Bd3 Bb7 7. Nbd2 Be7 8. 0-0 d6 9. a4 a6 10. Re1 Nbd7 11. Bh4 0-0 12. c3 Re8 13. h3 Qc7 14. Bg3 h6 15. c4 Bf8 16. a5 bxa5 17. c5 Qd8 18. cxd6 Nb6 19. Ne5 Bxd6 20. Nb3 Bb4 21. Nxa5 Qd5 22. Nxb7 Bxe1 23. Nxf7 Bb4 24. Nfd6 Bxd6 25. Nxd6 Red8 26. Be2 e5 27. dxe5 Qxd1+ 28. Bxd1 Ne8 29. Bf3 Rab8 30. Rxa6 Nxd6 31. exd6 Nd7 32. Bd5+ Kh7 33. b3 Kg6 34. Ra7 Kf6 35. h4 Rb4 36. Bc4 Ne5 37. Bxe5+ Kxe5 38. Re7+ Kf6 39. Rf7+ Ke5 40. d7 g5 41. Re7+ Kf6 42. Rh7 gxh4 43. Rxh6+ Kg5 44. Rd6 Rb7 45. Be6 Kf6 46. Bh3+ Ke7 47. Rd3 Rdb8 48. Rd4 Rb4 49. d8Q+ 1-0

[Event "Kostroma Spring"]
[Site "Kostroma"]
[Date "2013.03.03"]
[Round "9"]
[White "Kareva, Natalia"]
[Black "Shkalov, Oleg"]
[Result "0-1"]
[WhiteElo "2124"]
[BlackElo "2223"]
[PlyCount "146"]
[EventDate "2013.02.26"]
[EventType "tourn"]
[EventRounds "9"]
[EventCountry "RUS"]
[EventCategory "1"]
[SourceTitle "EXT 2014"]
[Source "ChessBase"]
[SourceDate "2013.11.20"]
[SourceVersion "1"]
[SourceVersionDate "2013.11.20"]
[SourceQuality "1"]

1. d4 Nf6 2. Bg5 e6 3. e4 h6 4. Bxf6 Qxf6 5. Nf3 d5 6. e5 Qd8 7. Bd3 c5 8. c3 Qb6 9. Qb3 Qc7 10. Qc2 Bd7 11. Nbd2 Nc6 12. Rc1 Be7 13. a3 c4 14. Be2 b5 15. 0-0 Rb8 16. Ne1 a5 17. f4 Qb6 18. Nef3 Na7 19. Rf2 g6 20. Nf1 h5 21. Ne3 Kf8 22. h3 h4 23. Ng5 b4 24. axb4 axb4 25. Bg4 Rb7 26. Bf3 Qc6 27. Ra1 Kg7 28. Kh2 Nb5 29. g4 hxg3+ 30. Kxg3 Ra7 31. Rxa7 Nxa7 32. h4 Qa4 33. Qb1 Qb5 34. Qe1 Qa5 35. Qc1 bxc3 36. bxc3 Nb5 37. Nd1 Qa3 38. Qc2 Qa1 39. Rh2 Na3 40. Qd2 Ba4 41. Rh1 Nb1 42. Nb2 Nxd2 43. Rxa1 Bc2 44. Nd1 Bxg5 45. fxg5 Nxf3 46. Kxf3 Bxd1+ 47. Rxd1 Rxh4 48. Kg3 Rh5 49. Kg4 Rh2 50. Rf1 Kf8 51. Rf3 Rg2+ 52. Rg3 Rb2 53. Re3 Ke8 54. Rf3 Rg2+ 55. Kh4 Rg1 56. Rf2 Rd1 57. Rf3 Rd3 58. Kg4 Rd1 59. Kh4 Rh1+ 60. Kg4 Rh7 61. Rf1 Kd7 62. Ra1 Rh2 63. Rf1 Rh7 64. Ra1 Kc6 65. Ra7 Kb5 66. Rb7+ Ka4 67. Kf3 Rh3+ 68. Ke2 Rg3 69. Rxf7 Kb3 70. Rf6 Kxc3 71. Rxe6 Rxg5 72. Rf6 Kxd4 73. e6 Ke5 0-1